| LEADER |
01059nam0a2200217 450 |
| 001 |
16865746 |
| 010 |
|
|
|a 978-2-7556-2332-1
|b br.
|d 17
|
| 100 |
|
|
|a 20161117d2016 u u0frey01 ba
|
| 101 |
1 |
|
|a fre
|c fre
|
| 102 |
|
|
|a FR
|
| 200 |
0 |
|
|a Between
|e l'amour guérit-il les blessures ?
|f Anna Todd
|g traduit de l'américain par Alexia Barat
|
| 207 |
|
1 |
|a
|
| 215 |
|
|
|a 1 vol. (427 p.)
|d 21 x 13 cm
|
| 225 |
1 |
|
|v 02
|
| 330 |
|
|
|a Tomaison. Landon décide de dénouer les fils de ses relations compliquées avec les deux femmes pour lesquelles il éprouve des sentiments, Nora et Dakota. Le beau jeune homme souhaite désormais vivre ses passions et s'engager. Mais ce qu'il met au jour en libérant la parole n'est pas de nature à le laisser indemne.
|
| 461 |
|
0 |
|t Nothing
|v 02
|
| 700 |
|
0 |
|a Todd
|b Anna
|4 70
|
| 702 |
|
0 |
|a Barat
|b Alexia
|4 730
|
| 900 |
|
|
|a Roman
|
| 901 |
|
|
|a Adultes
|
| 995 |
|
|
|a Médiathèque
|c Médiathèque
|f 00156008794422
|h 00156008794422
|k R TOD NOT 2
|o p
|q a
|r az
|u "Suite de Landon", à prêter ensemble"Suite de Landon", à prêter ensemble
|e Médiathèque
|